| 000 | 00734cam a22002414a 4500 | ||
|---|---|---|---|
| 008 | |||
| 020 | _a185718033X (pbk.) | ||
| 049 | _aMAIN | ||
| 090 |
_aT352 _bGRI |
||
| 100 | 1 | _aGriffiths, Brian. | |
| 245 | 1 | 0 |
_aEngineering drawing for manufacture / _cBrian Griffiths. |
| 260 |
_aLondon : _bKogan Page Science, _c2003. |
||
| 300 |
_axiv, 162 p. : _bill. ; _c24 cm. |
||
| 440 | 0 | _aManufacturing engineering modular series. | |
| 500 | _aIncludes index. | ||
| 504 | _aIncludes bibliographical references. | ||
| 650 | 0 |
_aEngineering drawings _xStandards. |
|
| 907 |
_a.b10318896 _b24-09-13 _c26-09-12 |
||
| 003 | |||
| 005 | 20230123125450.0 | ||
| 040 | _cNUST | ||
| 942 |
_cBOOKS _kT352 _mGRI |
||
| 999 |
_c141985 _d141985 |
||